La imaginación sociológica
Uloženo v:
| Hlavní autor: | |
|---|---|
| Médium: | Kniha |
| Jazyk: | španělština |
| Vydáno: |
Ciudad de México
Fondo de Cultura Económica
1961
|
| Vydání: | 1a. ed |
| Edice: | Sección de Obras de Sociología
|
| Témata: | |
| Tagy: |
Přidat tag
Žádné tagy, Buďte první, kdo vytvoří štítek k tomuto záznamu!
|
MARC
| LEADER | 00000nam a2200000 a 4500 | ||
|---|---|---|---|
| 001 | UCS9963 | ||
| 003 | CL-VaPUC | ||
| 008 | 971129e19610000MX |||||||||||||||||spa|d | ||
| 020 | |a 9681602714 | ||
| 082 | 0 | 4 | |a 301 |b MIL |2 21 |
| 100 | |a Mills, Charles Wright |e autor |9 587265 | ||
| 245 | 1 | 3 | |a La imaginación sociológica |
| 250 | |a 1a. ed | ||
| 300 | |a 236 p | ||
| 942 | |c BK | ||
| 945 | |d 19971129 00:00:00 |a jquezada | ||
| 260 | |a Ciudad de México |b Fondo de Cultura Económica |c 1961 | ||
| 650 | 0 | |a Sociología |9 255410 | |
| 650 | 0 | |a Empirismo |9 255037 | |
| 650 | 0 | |a Filosofía de las ciencias |9 256466 | |
| 650 | 0 | |a Libertad |9 255686 | |
| 650 | 0 | |a Política |9 255312 | |
| 650 | 7 | |a HUMANIDAD |2 CL-VaPUC |9 309969 | |
| 583 | |a last modification |c 19971129 00:00:00 |k Rodrigo Vera | ||
| 490 | 0 | |a Sección de Obras de Sociología | |
| 999 | |c 263628 |d 263626 | ||
| 952 | |0 0 |1 0 |4 0 |6 301_000000000000000_MIL_1961 |7 0 |8 P |9 292982 |a BIBGIM |b BIBGIM |d 2019-11-19 |i 3186121 |o 301 MIL 1961 |p 3186121 |r 2025-01-15 |w 2019-11-19 |y BK |k SSL | ||